| 000 | 01019cam a2200289 i 4500 | ||
|---|---|---|---|
| 999 |
_c17742 _d17740 |
||
| 001 | 12276 | ||
| 003 | OSt | ||
| 005 | 20211117124701.0 | ||
| 008 | 801119s1981 njua b 001 0 eng | ||
| 020 | _a0138435162 (pbk.) | ||
| 040 |
_aDLC _cDDC _dDLC |
||
| 043 | _an-us--- | ||
| 050 | 0 | 0 |
_aJK2408 _b.B87 1981 |
| 082 | 0 | 0 |
_aR/321.973 BUR _219 |
| 100 | 1 | _aBurns, James MacGregor. | |
| 245 | 1 | 0 |
_aState and local politics : _bgovernment by the people / _cJames MacGregor Burns, J. W. Peltason, Thomas E. Cronin. |
| 250 | _a3d ed. | ||
| 260 |
_aEnglewood Cliffs, N.J. : _bPrentice-Hall, _cc1981. |
||
| 300 |
_axi, 287 p. : _bill. ; _c23 cm. |
||
| 504 | _aIncludes bibliographies and index. | ||
| 650 | 0 | _aState governments. | |
| 650 | 0 |
_aLocal government _zUnited States. |
|
| 700 | 1 |
_aPeltason, J. W. _q(Jack Walter), _d1923-2015, _ejoint author. |
|
| 700 | 1 |
_aCronin, Thomas E., _ejoint author. |
|
| 906 |
_a7 _bcbc _corignew _du _eocip _f19 _gy-gencatlg |
||
| 942 |
_2ddc _cBK |
||